Information Technology for Library and Information Centre / (Record no. 459)
[ view plain ]
| 000 -LEADER | |
|---|---|
| fixed length control field | 00700nam a2200229 a 4500 |
| 001 - CONTROL NUMBER | |
| control field | 459 |
| 003 - CONTROL NUMBER IDENTIFIER | |
| rucl marc code | BD-RjUL |
| 005 - DATE AND TIME OF LATEST TRANSACTION | |
| control field | 20211208233201.0 |
| 008 - FIXED-LENGTH DATA ELEMENTS--GENERAL INFORMATION | |
| fixed length control field | 161112s2009 bg a|||| |||| 001 0 eng d |
| 020 ## - INTERNATIONAL STANDARD BOOK NUMBER | |
| International Standard Book Number | 9843000033040 |
| 035 ## - SYSTEM CONTROL NUMBER | |
| System control number | (BD-RjUL)476 |
| 040 ## - CATALOGING SOURCE | |
| Original cataloging agency | BD-RjUL |
| Language of cataloging | eng |
| Transcribing agency | BD-RjUL |
| Modifying agency | BD-RjUL |
| 041 ## - LANGUAGE CODE | |
| Language code of text/sound track or separate title | eng |
| 082 ## - DEWEY DECIMAL CLASSIFICATION NUMBER | |
| Edition number | 23 |
| Classification number | 027.7 |
| Author mark and year | INF 2009 |
| 245 1# - TITLE STATEMENT | |
| Title | Information Technology for Library and Information Centre / |
| Statement of responsibility, etc. | Edited by Dr. Md. Golam Mostofa. |
| 260 ## - PUBLICATION, DISTRIBUTION, ETC. (IMPRINT) | |
| Place of publication, distribution, etc. | Dhaka : |
| Name of publisher, distributor, etc. | Fouzia Prokasoni, |
| Date of publication, distribution, etc. | 2009. |
| 300 ## - PHYSICAL DESCRIPTION | |
| Pagination | xi, 214p. : |
| Illustrations | ill.; |
| Size | 21 cm. |
| 504 ## - BIBLIOGRAPHY, ETC. NOTE | |
| Bibliography, etc | Includes index |
| 650 ## - SUBJECT ADDED ENTRY--TOPICAL TERM | |
| Topical term or geographic name as entry element | University Libraries. |
| 9 (RLIN) | 1430 |
| General subdivision | Computer Applications |
| 700 ## - ADDED ENTRY--PERSONAL NAME | |
| Personal name | Mostafa, Md. Golam. |
| 942 ## - ADDED ENTRY ELEMENTS (KOHA) | |
| Source of classification or shelving scheme | Dewey Decimal Classification |
| Koha item type | Books |
| Lost status | Source of classification or shelving scheme | Damaged status | Not for loan | Collection code | Permanent Location | Current Location | Shelving location | Date acquired | Source of acquisition | Cost, normal purchase price | Total Checkouts | Full call number | Date last seen | Date checked out | Copy number | Koha item type |
|---|---|---|---|---|---|---|---|---|---|---|---|---|---|---|---|---|
| Dewey Decimal Classification | Non-fiction | Central Library, University of Rajshahi | Central Library, University of Rajshahi | 04/07/2009 | Dr. Golam Mostofa | 300.00 | 1 | 027.70285 INF 2009 | 09/05/2018 | 24/04/2018 | C-3 | Books | ||||
| Dewey Decimal Classification | Non-fiction | Central Library, University of Rajshahi | Central Library, University of Rajshahi | 04/07/2009 | Dr. Golam Mostofa | 300.00 | 027.70285 INF 2009 | 18/11/2013 | C-5 | Books | ||||||
| Dewey Decimal Classification | Non-fiction | Central Library, University of Rajshahi | Central Library, University of Rajshahi | 04/07/2009 | Rajshahi. | 300.00 | 027.70285 INF 2009 | 12/11/2016 | C-2 | Books | ||||||
| Dewey Decimal Classification | Not For Loan | Non-fiction | Central Library, University of Rajshahi | Central Library, University of Rajshahi | Reading Room | 06/05/2009 | R.U.C.L, Rajshahi | 300.00 | 027.70285 INF 2009 | 14/03/2017 | C-1 | Books |